[Event "Erfurt op Seniors 29th"]
[Site "Erfurt"]
[Date "2019.12.26"]
[Round "1"]
[White "Lueders, Guenter"]
[Black "Wozny, Michael"]
[Result "1/2-1/2"]
[WhiteElo "1679"]
[BlackElo "1906"]
[PlyCount "81"]
[EventDate "2019.12.26"]
[EventType "swiss"]
[EventRounds "5"]
[EventCountry "GER"]
[SourceTitle "CBM 194 Extra"]
[Source "ChessBase"]
[SourceDate "2020.03.31"]
[SourceVersion "1"]
[SourceVersionDate "2020.03.31"]
[SourceQuality "1"]

1. d4 d5 2. Nf3 Bg4 3. Ne5 Bh5 4. Bf4 Nf6 5. Nd2 e6 6. c3 Nbd7 7. Qb3 Qc8 8. e3 Nxe5 9. Bxe5 Nd7 10. Bg3 Be7 11. c4 c6 12. Bd3 Bg6 13. Bxg6 hxg6 14. 0-0 0-0 15. Rac1 Nf6 16. h3 Qd7 17. c5 Bd8 18. Nf3 Bc7 19. Bxc7 Qxc7 20. Qc2 Nd7 21. Qc3 Rae8 22. Rfd1 e5 23. dxe5 Nxe5 24. Nd4 f5 25. Ne2 Qf7 26. g3 Nd7 27. Kg2 Nf6 28. Qa3 g5 29. Nd4 g6 30. Rh1 a6 31. Nf3 Ne4 32. Nd4 Qd7 33. Ne2 Rf7 34. h4 g4 35. Nf4 Kg7 36. b4 Qe7 37. Qb2+ Qf6 38. Qxf6+ Kxf6 39. Rh2 Kg7 40. Rch1 Nf6 41. h5 1/2-1/2

[Event "Schleswig Holstein-ch Seniors op 10th"]
[Site "Buesum"]
[Date "2016.10.02"]
[Round "7"]
[White "Bars, Joachim"]
[Black "Lueders, Guenter"]
[Result "1-0"]
[WhiteElo "1920"]
[BlackElo "1802"]
[PlyCount "69"]
[EventDate "2016.09.26"]
[EventType "swiss"]
[EventRounds "9"]
[EventCountry "GER"]
[SourceTitle "EXT 2019"]
[Source "ChessBase"]
[SourceDate "2018.10.10"]
[SourceVersion "1"]
[SourceVersionDate "2018.10.10"]
[SourceQuality "1"]

1. d4 d5 2. c4 e6 3. Nf3 Nf6 4. Nc3 Be7 5. Bg5 Nbd7 6. e3 h6 7. Bh4 0-0 8. Bd3 b6 9. 0-0 Bb7 10. Rc1 c5 11. cxd5 Nxd5 12. Bxe7 Qxe7 13. Be2 cxd4 14. Qxd4 Rac8 15. Nxd5 Bxd5 16. a3 Nc5 17. Qh4 Qb7 18. Qg3 Ne4 19. Qe5 Rxc1 20. Rxc1 Rc8 21. Re1 Rc2 22. Nd4 Rc5 23. b4 Rc3 24. Nb5 Rc2 25. f3 Nf6 26. Qa1 Rc8 27. Nd6 Qb8 28. Nxc8 Qxc8 29. Rc1 Qb8 30. Qc3 Bb7 31. Qc7 Qa8 32. e4 Ne8 33. Qd7 Nf6 34. Qe7 Ne8 35. Bb5 1-0

[Event "Schleswig Holstein-ch Seniors op 9th"]
[Site "Buesum"]
[Date "2015.09.29"]
[Round "2"]
[White "Moeller, Bernd"]
[Black "Lueders, Guenter"]
[Result "1/2-1/2"]
[WhiteElo "1576"]
[BlackElo "1796"]
[PlyCount "172"]
[EventDate "2015.09.28"]
[EventType "swiss"]
[EventRounds "9"]
[EventCountry "GER"]
[SourceTitle "EXT 2018"]
[Source "ChessBase"]
[SourceDate "2017.10.13"]
[SourceVersion "1"]
[SourceVersionDate "2017.10.13"]
[SourceQuality "1"]

1. e4 c5 2. c4 d6 3. d3 Nf6 4. Nc3 g6 5. h3 Bg7 6. Rb1 Nc6 7. Nf3 0-0 8. Be2 b6 9. 0-0 Bb7 10. a3 Nd7 11. Bd2 Nde5 12. Qc1 Nxf3+ 13. Bxf3 Nd4 14. Bd1 Qd7 15. Bh6 Bc6 16. Bxg7 Kxg7 17. Ne2 Ne6 18. b4 Bb7 19. b5 Rab8 20. Qc3+ f6 21. f4 Nd8 22. f5 g5 23. Qe1 Nf7 24. Bc2 Ne5 25. a4 h5 26. Qd1 Rh8 27. Kf2 h4 28. Ng1 Kf7 29. Nf3 Rbg8 30. Nxe5+ dxe5 31. Qe2 Rd8 32. Qe3 Ba8 33. Rb3 Qc7 34. Bd1 Rdg8 35. Bg4 Qd6 36. Ke2 Bb7 37. Ra3 Qd8 38. Rfa1 Qd6 39. a5 Ra8 40. Kf2 Qd4 41. Qxd4 exd4 42. a6 Bc8 43. g3 hxg3+ 44. Kxg3 Rh4 45. R3a2 Bd7 46. Rf1 Rah8 47. Re2 Re8 48. e5 Kf8 49. exf6 exf6 50. Rxe8+ Kxe8 51. Re1+ Kf7 52. Re4 Rh8 53. Kf3 Rh4 54. Kg3 Rh8 55. Re1 Rh4 56. Rf1 Ke7 57. Rf2 Kd8 58. Be2 Ke7 59. Bf1 Kf7 60. Bg2 Rh8 61. Bd5+ Kg7 62. Be4 Rd8 63. h4 gxh4+ 64. Kxh4 Rh8+ 65. Kg4 Kf8 66. Bd5 Rh7 67. Be4 Rg7+ 68. Kf4 Rh7 69. Rg2 Rh4+ 70. Rg4 Rxg4+ 71. Kxg4 Kg7 72. Kf4 Kh6 73. Bd5 Kh5 74. Bf7+ Kh4 75. Ke4 Kg5 76. Be6 Be8 77. Bc8 Bh5 78. Bd7 Bg4 79. Bc8 Bh3 80. Kd5 Bxf5 81. Bxf5 Kxf5 82. Kc6 Ke6 83. Kb7 Kd7 84. Kxa7 Kc7 85. Ka8 f5 86. a7 f4 1/2-1/2

[Event "GER-chA Seniors 26th"]
[Site "Bad Neuenahr"]
[Date "2014.08.07"]
[Round "3"]
[White "Lueders, Guenter"]
[Black "Josting, Friedel"]
[Result "0-1"]
[WhiteElo "1841"]
[BlackElo "1986"]
[PlyCount "94"]
[EventDate "2014.08.05"]
[EventType "swiss"]
[EventRounds "9"]
[EventCountry "GER"]
[SourceTitle "EXT 2018"]
[Source "ChessBase"]
[SourceDate "2017.10.13"]
[SourceVersion "1"]
[SourceVersionDate "2017.10.13"]
[SourceQuality "1"]

1. d4 Nf6 2. Nf3 e6 3. Bf4 d5 4. Nbd2 Bd6 5. Bxd6 Qxd6 6. c3 0-0 7. e3 Nbd7 8. Be2 b6 9. 0-0 Bb7 10. Rc1 c5 11. Qa4 h6 12. h3 Rfe8 13. Rfe1 e5 14. dxe5 Nxe5 15. Red1 Qe7 16. Nxe5 Qxe5 17. Nf3 Qc7 18. Bd3 a6 19. Ne1 b5 20. Qc2 Rad8 21. Be2 Re7 22. Bf3 Bc6 23. Nd3 Bb7 24. Nf4 Red7 25. Qf5 Rd6 26. Qd3 Qd7 27. Qc2 Ne4 28. Nd3 c4 29. Nf4 a5 30. Rd4 Ng5 31. Bg4 Qe7 32. Rd2 Ne6 33. Ne2 Nc5 34. Bf3 Nd3 35. Qd1 Ne5 36. Nd4 Bc8 37. Be2 Rg6 38. Nf5 Qg5 39. Ng3 Be6 40. Bf1 h5 41. e4 h4 42. exd5 Bxh3 43. f4 Nf3+ 44. gxf3 Qxf4 45. Rf2 Bf5 46. Qd2 Qxd2 47. Rxd2 h3 0-1

[Event "Hessen-ch Seniors op 10th"]
[Site "Bad Sooden-Allendorf"]
[Date "2014.05.03"]
[Round "8"]
[White "Knaak, Hans"]
[Black "Lueders, Guenter"]
[Result "1-0"]
[WhiteElo "1704"]
[BlackElo "1886"]
[PlyCount "87"]
[EventDate "2014.04.26"]
[EventType "swiss"]
[EventRounds "9"]
[EventCountry "GER"]
[SourceTitle "EXT 2018"]
[Source "ChessBase"]
[SourceDate "2017.10.13"]
[SourceVersion "1"]
[SourceVersionDate "2017.10.13"]
[SourceQuality "1"]

1. d4 d5 2. c4 e6 3. Nc3 Nf6 4. Bg5 Be7 5. e3 Nbd7 6. Nf3 0-0 7. Be2 h6 8. Bh4 dxc4 9. Bxc4 c6 10. 0-0 Re8 11. Rc1 Nb6 12. Bd3 Bd7 13. Bb1 Nh7 14. Bg3 Rc8 15. Ne5 Bf6 16. Qc2 Nf8 17. Ne4 Be7 18. Nc5 Bxc5 19. dxc5 Nd5 20. Rfd1 Nf6 21. Rd2 Re7 22. Rcd1 Qa5 23. f3 Rd8 24. Nc4 Qa6 25. Bd6 Ree8 26. Bxf8 Kxf8 27. Qb3 Re7 28. Ne5 Qb5 29. Qxb5 cxb5 30. c6 bxc6 31. Nxc6 Bxc6 32. Rxd8+ Be8 33. e4 Rc7 34. Bd3 Ke7 35. Rb8 a6 36. Rb6 Ra7 37. Bf1 Nd7 38. Rbd6 Nc5 39. b3 Rd7 40. Rxd7+ Bxd7 41. Kf2 b4 42. e5 f6 43. Rc1 Nxb3 44. axb3 1-0

[Event "Hessen-ch Seniors op 10th"]
[Site "Bad Sooden-Allendorf"]
[Date "2014.05.01"]
[Round "6"]
[White "Fuhlrott, Heinz"]
[Black "Lueders, Guenter"]
[Result "1-0"]
[WhiteElo "1755"]
[BlackElo "1886"]
[PlyCount "53"]
[EventDate "2014.04.26"]
[EventType "swiss"]
[EventRounds "9"]
[EventCountry "GER"]
[SourceTitle "EXT 2018"]
[Source "ChessBase"]
[SourceDate "2017.10.13"]
[SourceVersion "1"]
[SourceVersionDate "2017.10.13"]
[SourceQuality "1"]

1. d4 d5 2. Nf3 Nf6 3. Bg5 Nbd7 4. e3 e6 5. Bd3 Be7 6. Nbd2 c5 7. c3 0-0 8. Rc1 b6 9. Bb1 h6 10. Bh4 Bb7 11. 0-0 Re8 12. Bg3 Ne4 13. Ne5 f5 14. Nxe4 fxe4 15. Qg4 Bf8 16. f3 Nf6 17. Qg6 Ba6 18. Rf2 exf3 19. Rxf3 Ne4 20. Nf7 Qd7 21. Nxh6+ Kh8 22. Nf7+ Kg8 23. Bxe4 dxe4 24. Rf4 Be7 25. Ne5 Qd8 26. Qxe6+ Kh7 27. Qh3+ 1-0

[Event "Hessen-ch Seniors op 10th"]
[Site "Bad Sooden-Allendorf"]
[Date "2014.04.26"]
[Round "1"]
[White "Lutz, Albert"]
[Black "Lueders, Guenter"]
[Result "1-0"]
[WhiteElo "2174"]
[BlackElo "1886"]
[PlyCount "63"]
[EventDate "2014.04.26"]
[EventType "swiss"]
[EventRounds "9"]
[EventCountry "GER"]
[SourceTitle "EXT 2018"]
[Source "ChessBase"]
[SourceDate "2017.10.13"]
[SourceVersion "1"]
[SourceVersionDate "2017.10.13"]
[SourceQuality "1"]

1. Nf3 Nf6 2. c4 c5 3. Nc3 Nc6 4. e3 e6 5. d4 cxd4 6. exd4 d5 7. Bg5 Be7 8. Rc1 0-0 9. c5 a6 10. Bd3 Qc7 11. 0-0 h6 12. Bh4 Nh5 13. Bxe7 Qxe7 14. Re1 Nf6 15. a3 Bd7 16. b4 Rfd8 17. Qb3 Qf8 18. a4 Rdb8 19. b5 axb5 20. axb5 Nd8 21. Ne5 Be8 22. Na4 Qe7 23. Nb6 Ra7 24. g3 Nd7 25. Nexd7 Bxd7 26. Nxd5 Qf8 27. Nb6 Be8 28. Qc3 g6 29. Ra1 Rxa1 30. Qxa1 Qe7 31. Qa7 Qc7 32. Rc1 1-0